000 00618nam a22002417a 4500
003 UA-OsUOA
001 95874
007 ta
008 20130312b un ||||| |||| 00| 0 ukr d
100 _aКузнецов А.
090 _a821.161.1
_bК89
942 _cBK
040 _aUA-OsUOA
_brus
_cUA-OsUOA
_dUA-OsUOA
245 _aКрестики-нолики
300 _a223 с.
955 _a3
041 _arus
080 _a821.161.1
260 _aМ.
_bМолодая гвардия
_c1988
044 _aRU
650 7 _a82 Література. Літературознавство
_2UDC
999 _c382119
_d382119